000 00580nam a2200229Ia 4500
003 OSt
005 20220924135345.0
006 a|||||r|||| 00| 0
007 ta
008 220923b |||||||| |||| 00| 0 ben d
024 _a290694
037 _cTextual
040 _aARTS
_cARTS
_bben
041 _2ben
_aben
082 _aO142,3M28x, 157L5.1
100 _aNiyogi
_9210162
245 0 _aTalortyr rachnawali
260 _c1975
650 _aRUSSIAN LITERATURE
_915056
942 _hO142,3M28x, 157L5.1
_cTEXL
_2CC
999 _c440399
_d440399